000 01065nam a22003257a 4500
001 768714001
003 CO-MdFUSB
005 20260413095734.0
008 190404t1990 sp |||| |||| 00| 0 spa d
020 _a8471516651
040 _aCO-MdFUSB
_bspa
_cCO-MdFUSB
_dCO-MdFUSBC
_erda
041 _aspa
082 _222
_a229
_bV699
100 _aVilchez, José
_eautor.
245 _aSabiduría
_c/ José Vilchez
264 1 _aEspaña :
_bVerbo Divino,
_c[1990]
264 4 _c© 1990
300 _a569 Páginas
_c24 cm;
336 _2rdacontent
_atexto
_btxt
337 _2rdamedia
_asin mediación
_bn
338 _2rdacarrier
_avolumen
_bnb
490 _aNueva Biblia Española
504 _aIncluye bibliografía ( Páginas 115-125)
505 _gPRIMERA PARTE:
_tVida humana y juicio escatológico.
_gSEGUNDA PARTE:
_tEncomio de la Sabiduría.
_gTERCERA PARTE:
_tLa justicia de Dios se revela en la historia.
563 _aRústico
630 0 _aBiblia.
_pSabiduría.
_xApócrifos.
650 7 _9527
_aCrítica literaria
942 _cBK
945 _aJTF-925
999 _c64925
_d64925